000 00461nam a2200181Ia 4500
001 21237
005 20260306172904.0
008 260306t2016||||xx |||||||||||||| ||spa||
041 _aESP
082 _a344.4
_bR24
100 _aRamos Suyo, Juan Abraham
_eAUT
245 0 _aDerecho de ejecución penal y administración penitenciaria
260 _c2016
300 _a633 páginas :
_c24 cm.
650 _aGEN
654 _aCDE
942 _cLIB
_dJUS
_fJUS
_2ddc
_n
999 _c21237
_d21237